00315nam a2200145Ia 45000030006000000080041000060400015000471000016000622450034000782500006001122600016001183000006001345460012001400050017001520STCL150530s9999 xx 000 0 und d aSTCLcSTCL aOscar Wilde aSelected Works of Oscar Wilde a1 c2010aNoida a0 aEnglish20220125171019.0